NCIS: LA Characters Quiz Stats

 Plays Quiz not verified by Sporcle

Support Sporcle.
Go Orange.
Score 0/8 Timer 02:00
0 Plays Today
Character Description Character % Correct
Senior Special AgentSam Hanna
99.7%
LAPD Liaison DetectiveMarty Deeks
97.7%
Special Agent in ChargeG. Callen
96.7%
Special AgentKensi Blye
96.7%
Tech OperatorEric Beale
95.4%
Operations ManagerHenrietta 'Hetty' Lange
93.7%
Intelligence AnalystNell Jones
92.4%
NCIS Assistant DirectorOwen Granger
90.4%

You're not logged in!

Compare scores with friends on all Sporcle quizzes.
OR
Log In

From the Vault

30 Maps That Help Make Sense of the World

by chair

The world is a crazy place, and these maps only serve to illuminate just how crazy it is.

You Might Also Like...

Remove Ads.
Support Sporcle.
Get the best of Sporcle when you Go Orange. This ad-free experience offers more features, more stats, and more fun while also helping to support Sporcle. Thank you for becoming a member.

Show Comments

Extras

Created Dec 30, 2013ReportNominate
Tags:ncis, NCIS Characters

Top Quizzes Today


Score Distribution

Your Account Isn't Verified!

In order to create a playlist on Sporcle, you need to verify the email address you used during registration. Go to your Sporcle Settings to finish the process.

Report this User

Report this user for behavior that violates our Community Guidelines.

Details: